00886cam a22002897a 450000100090000000300040000900500170001300800410003001000170007102000180008803500240010604000250013004200140015505000230016908200220019210000240021424500530023824600320029125000120032326000370033530000340037250400510040656200580045765000230051565000200053865000380055815315781OSt20140310182658.0080604s2009 ohua b 001 0 eng  a 2008930471 a9780324645187 a(OCoLC)ocn262463737 aUMCcUMCdYDXCPdDLC alccopycat00aRA 410b.H496 2009 aM 338.4bH38 20061 aHenderson, James W.10aHealth economics & policy /cJames W. Henderson.3 aHealth economics and policy a3rd ed. aSouth Western :bThomson,cc2006 axvi, 477 p. ;bill. ;c26 cm. aIncludes bibliographical references and index. efor circulation. 6 copies available in the collection 0aMedical economics. 0aMedical policy. 0aMedical carexCost effectiveness.